00421 2200169 4500001002100000005001500021008004100036035001900077041000700096082001100103090001700114100002100131245001500152260003100167300001900198650003400217INLIS00000000001523920241224114909241224||||||||| | ||| |||| || |  0010-1224015239 aid0 a551.22 a551.22 AMB g0 aBeni S.Ambarjaya00aGEMPA BUMI aBandungbPutra Setiac2008 a106hlm;15X21cm 0ailmu Pengetahuan Tentang Bumi